| 000 | 00812nas a2200253 4500 | ||
|---|---|---|---|
| 001 | BR8707035 | ||
| 003 | BR-BrBNA | ||
| 005 | 20231205090906.0 | ||
| 007 | ta | ||
| 008 | 230509b bl.|||p| |||| 00| 00por d | ||
| 040 |
_aBR-BrBNA _bpor _cBiblioteca Nacional de Agricultura |
||
| 041 | _a(Pt) | ||
| 072 | _aQ02; N20 | ||
| 100 | 1 | _aAckerman, H.P.H. | |
| 100 | 1 | _aCoelho Junior, G.F. | |
| 245 | 1 | _aTrocadores de calor: multitubular e espiral [Saccharum spp, caldo de cana, Brasil] | |
| 246 | 1 | _aSpiral and multitubular heat exchangers | |
| 650 | _aCALDO DE CANA | ||
| 650 | _aRESFRIAMENTO | ||
| 650 | _aEQUIPAMENTO AGRICOLA | ||
| 773 | 0 |
_tBoletim Tecnico COPERSUCAR (Brazil) _xISSN 0100-2996 _g(Sep 1986), (no. 35) p. 35-43 _wBR8707035 |
|
| 909 |
_a202311 _bLúcia _c55 _dLúcia Elande |
||
| 942 |
_2AGRIS _n0 _cANA |
||
| 999 |
_c121474 _d121474 |
||